ছেলেটি যে মেয়ে, মেয়েটি তা জানত না / (Record no. 743)
[ view plain ]
| 000 -LEADER | |
|---|---|
| fixed length control field | 00742nam a22002297a 4500 |
| 001 - CONTROL NUMBER | |
| JCCL Control Number | 743 |
| 003 - CONTROL NUMBER IDENTIFIER | |
| JCCL marc code | BD-JhCC |
| 005 - DATE AND TIME OF LATEST TRANSACTION | |
| control field | 20221025134021.0 |
| 008 - FIXED-LENGTH DATA ELEMENTS--GENERAL INFORMATION | |
| fixed length control field | 171009s2010 bg |||| |||| 000 0 ben d |
| 020 ## - INTERNATIONAL STANDARD BOOK NUMBER | |
| International Standard Book Number | 9848685707 |
| 035 ## - SYSTEM CONTROL NUMBER | |
| system control number | (BD-JhCC)743 |
| 040 ## - CATALOGING SOURCE | |
| Original cataloging agency | BD-JhCC |
| Modifying agency | BD-JhCC |
| 041 ## - LANGUAGE CODE | |
| Language code of Book | ben |
| 082 ## - DEWEY DECIMAL CLASSIFICATION NUMBER | |
| Classification number | 891.443 |
| Author mark and Year | JAH 2010 |
| 100 ## - MAIN ENTRY--PERSONAL NAME | |
| Personal name | জাহান, নাসরীন |
| 245 ## - TITLE STATEMENT | |
| Title | ছেলেটি যে মেয়ে, মেয়েটি তা জানত না / |
| Statement of responsibility, etc | নাসরীন জাহান |
| 260 ## - PUBLICATION, DISTRIBUTION, ETC. (IMPRINT) | |
| Place of publication, distribution, etc | ঢাকা: |
| Name of publisher, distributor, etc | অন্যপ্রকাশ , |
| Date of publication, distribution, etc | ২০১০. |
| 300 ## - PHYSICAL DESCRIPTION | |
| Pagination | ৯৫ পৃ. : |
| Dimensions | ২২ সেমি. |
| 650 ## - SUBJECT ADDED ENTRY--TOPICAL TERM | |
| Topical term or geographic name as entry element | Bengali Novel |
| 942 ## - ADDED ENTRY ELEMENTS (KOHA) | |
| Source of classification or shelving scheme | Dewey Decimal Classification |
| Koha item type | Books |
| Koha issues (borrowed), all copies | 17 |
| Source of classification or shelving scheme | Damaged status | Not for loan | Home library | Current library | Shelving location | Date of accession | Source of acquisition | Cost, normal purchase price | Total Checkouts | Full call number | Barcode | Date last seen | Date checked out | Copy number | Koha item type |
|---|---|---|---|---|---|---|---|---|---|---|---|---|---|---|---|
| Dewey Decimal Classification | JCC Rouf Library | JCC Rouf Library | General Stacks | 08/13/2023 | Purchase | 120.00 | 16 | 891.443 JAH 2010 | 1403 | 07/29/2025 | 07/22/2025 | C-1 | Books |